<?xml version="1.0" encoding="UTF-8"?>
<record
    xmlns:xsi="http://www.w3.org/2001/XMLSchema-instance"
    xsi:schemaLocation="http://www.loc.gov/MARC21/slim http://www.loc.gov/standards/marcxml/schema/MARC21slim.xsd"
    xmlns="http://www.loc.gov/MARC21/slim">

  <leader>00744nam a22002177a 4500</leader>
  <controlfield tag="003">OSt</controlfield>
  <controlfield tag="008">230518b2014    |||||||| |||| 00| 0 eng d</controlfield>
  <datafield tag="020" ind1=" " ind2=" ">
    <subfield code="a">9788131527962</subfield>
  </datafield>
  <datafield tag="082" ind1=" " ind2=" ">
    <subfield code="a">658.40300285554</subfield>
    <subfield code="b">GRO-S</subfield>
  </datafield>
  <datafield tag="100" ind1=" " ind2=" ">
    <subfield code="a">Gross, Debra</subfield>
  </datafield>
  <datafield tag="245" ind1=" " ind2=" ">
    <subfield code="a">Succeeding in business with Microsoft Office Excel 2010 :</subfield>
    <subfield code="b">a problem-solving approach /</subfield>
    <subfield code="c">Debra Gross; Frank Akaiwa and Karleen Nordquist</subfield>
  </datafield>
  <datafield tag="260" ind1=" " ind2=" ">
    <subfield code="a">Delhi :</subfield>
    <subfield code="b">Cengage Learning,</subfield>
    <subfield code="c">2014.</subfield>
  </datafield>
  <datafield tag="300" ind1=" " ind2=" ">
    <subfield code="a">xxi, 700 p. ;</subfield>
  </datafield>
  <datafield tag="650" ind1=" " ind2=" ">
    <subfield code="a">Problem solving-Data processing</subfield>
  </datafield>
  <datafield tag="650" ind1=" " ind2=" ">
    <subfield code="a">Microsoft Excel (Computer file)</subfield>
  </datafield>
  <datafield tag="650" ind1=" " ind2=" ">
    <subfield code="a">Business-Computer programs</subfield>
  </datafield>
  <datafield tag="650" ind1=" " ind2=" ">
    <subfield code="a">Electronic spreadsheets-Computer programs</subfield>
  </datafield>
  <datafield tag="700" ind1=" " ind2=" ">
    <subfield code="a">Akaiwa, Frank</subfield>
  </datafield>
  <datafield tag="700" ind1=" " ind2=" ">
    <subfield code="a">Nordquist, Karleen</subfield>
  </datafield>
  <datafield tag="942" ind1=" " ind2=" ">
    <subfield code="2">ddc</subfield>
    <subfield code="c">BK</subfield>
    <subfield code="0">1</subfield>
  </datafield>
  <datafield tag="999" ind1=" " ind2=" ">
    <subfield code="c">19570</subfield>
    <subfield code="d">19570</subfield>
  </datafield>
  <datafield tag="952" ind1=" " ind2=" ">
    <subfield code="0">0</subfield>
    <subfield code="1">0</subfield>
    <subfield code="2">ddc</subfield>
    <subfield code="4">0</subfield>
    <subfield code="7">0</subfield>
    <subfield code="8">DT&amp;I</subfield>
    <subfield code="a">SOBD</subfield>
    <subfield code="b">SOBD</subfield>
    <subfield code="d">2023-05-18</subfield>
    <subfield code="e">Vedi Books</subfield>
    <subfield code="f">INR</subfield>
    <subfield code="g">799.00</subfield>
    <subfield code="o">658.40300285554 GRO-S1</subfield>
    <subfield code="p">003479</subfield>
    <subfield code="r">2023-05-18</subfield>
    <subfield code="t">1</subfield>
    <subfield code="w">2023-04-17</subfield>
    <subfield code="y">REF</subfield>
    <subfield code="k">VEDI/23-24/04/11</subfield>
  </datafield>
  <datafield tag="952" ind1=" " ind2=" ">
    <subfield code="0">0</subfield>
    <subfield code="1">0</subfield>
    <subfield code="2">ddc</subfield>
    <subfield code="4">0</subfield>
    <subfield code="7">0</subfield>
    <subfield code="a">SOBD</subfield>
    <subfield code="b">SOBD</subfield>
    <subfield code="d">2023-05-18</subfield>
    <subfield code="e">Vedi Books</subfield>
    <subfield code="f">INR</subfield>
    <subfield code="g">799.00</subfield>
    <subfield code="o">658.40300285554 GRO-S2</subfield>
    <subfield code="p">003480</subfield>
    <subfield code="r">2023-05-18</subfield>
    <subfield code="t">2</subfield>
    <subfield code="w">2023-04-17</subfield>
    <subfield code="y">BK</subfield>
    <subfield code="k">VEDI/23-24/04/11</subfield>
  </datafield>
  <datafield tag="952" ind1=" " ind2=" ">
    <subfield code="0">0</subfield>
    <subfield code="1">0</subfield>
    <subfield code="2">ddc</subfield>
    <subfield code="4">0</subfield>
    <subfield code="7">0</subfield>
    <subfield code="a">SOBD</subfield>
    <subfield code="b">SOBD</subfield>
    <subfield code="d">2023-05-18</subfield>
    <subfield code="e">Vedi Books</subfield>
    <subfield code="f">INR</subfield>
    <subfield code="g">799.00</subfield>
    <subfield code="o">658.40300285554 GRO-S3</subfield>
    <subfield code="p">003481</subfield>
    <subfield code="r">2023-05-18</subfield>
    <subfield code="t">3</subfield>
    <subfield code="w">2023-04-17</subfield>
    <subfield code="y">BK</subfield>
    <subfield code="k">VEDI/23-24/04/11</subfield>
  </datafield>
  <datafield tag="952" ind1=" " ind2=" ">
    <subfield code="0">0</subfield>
    <subfield code="1">0</subfield>
    <subfield code="2">ddc</subfield>
    <subfield code="4">0</subfield>
    <subfield code="7">0</subfield>
    <subfield code="a">SOBD</subfield>
    <subfield code="b">SOBD</subfield>
    <subfield code="d">2023-05-18</subfield>
    <subfield code="e">Vedi Books</subfield>
    <subfield code="f">INR</subfield>
    <subfield code="g">799.00</subfield>
    <subfield code="l">1</subfield>
    <subfield code="o">658.40300285554 GRO-S4</subfield>
    <subfield code="p">003482</subfield>
    <subfield code="r">2023-09-27</subfield>
    <subfield code="s">2023-09-13</subfield>
    <subfield code="t">4</subfield>
    <subfield code="w">2023-04-17</subfield>
    <subfield code="y">BK</subfield>
    <subfield code="k">VEDI/23-24/04/11</subfield>
  </datafield>
  <datafield tag="952" ind1=" " ind2=" ">
    <subfield code="0">0</subfield>
    <subfield code="1">0</subfield>
    <subfield code="2">ddc</subfield>
    <subfield code="4">0</subfield>
    <subfield code="7">0</subfield>
    <subfield code="a">SOBD</subfield>
    <subfield code="b">SOBD</subfield>
    <subfield code="d">2023-05-18</subfield>
    <subfield code="e">Vedi Books</subfield>
    <subfield code="f">INR</subfield>
    <subfield code="g">799.00</subfield>
    <subfield code="o">658.40300285554 GRO-S5</subfield>
    <subfield code="p">003483</subfield>
    <subfield code="r">2023-05-18</subfield>
    <subfield code="t">5</subfield>
    <subfield code="w">2023-04-17</subfield>
    <subfield code="y">BK</subfield>
    <subfield code="k">VEDI/23-24/04/11</subfield>
  </datafield>
</record>
